Country and Capital Neighbour Connect with Jumps and Disappearing World Map: Longest Name - Statistics

General Stats
  • This quiz has been taken 2,563 times
  • The average score is 168 of 392
Answers on the Map
Answers color-coded by a green-red scale on the quiz's map according to % correct below.
 
Answer Stats
Hint Hint Country/Capital % Correct
433 267.2 Democratic Republic of the Congo
100%
427.6 239 Central African Republic
95%
416.9 260.5 Republic of the Congo
93%
416.9 260.5 Brazzaville
87%
470 234.2 Addis Ababa
86%
407 247 Cameroon
86%
476.4 221.6 Djibouti
86%
476.4 221.6 Djibouti (cap)
86%
404 255.8 Equatorial Guinea
86%
466.3 209.2 Eritrea
86%
470 234.2 Ethiopia
86%
448.5 209.5 Khartoum
86%
406.5 264 Libreville
86%
488 230 Mogadishu
86%
422.6 209.4 N'Djamena
86%
449.6 239.5 South Sudan
86%
384.2 167.2 Algeria
85%
384.2 167.2 Algiers
85%
384 118.7 Andorra
85%
384 118.7 Andorra la Vella
85%
466.3 209.2 Asmara
85%
386 105 France
85%
372 127.5 Madrid
85%
354 195.5 Mauritania
85%
366 153.5 Morocco
85%
354 195.5 Nouakchott
85%
448.5 209.5 Sudan
85%
419.3 172.9 Tripoli
85%
393 86.9 Amsterdam
82%
391 91 Belgium
82%
391 91 Brussels
82%
404 89.9 Germany
82%
394.3 94.2 Luxembourg
82%
394.3 94.2 Luxembourg (cap)
82%
393 86.9 Netherlands
82%
414.2 100.9 Austria
81%
427.6 113 Belgrade
81%
421 113 Bosnia and Herzegovina
81%
423 98 Bratislava
81%
436.7 107.1 Bucharest
81%
424.4 103.1 Budapest
81%
437.8 117.9 Bulgaria
81%
444.4 102 Chișinău
81%
414 93.8 Czech Republic
81%
429.5 121.7 Macedonia
81%
444.4 102 Moldova
81%
423.7 117.8 Montenegro
81%
423.7 117.8 Podgorica
81%
427.5 118.5 Pristina
81%
436.7 107.1 Romania
81%
423 98 Slovakia
81%
450.6 96 Ukraine
81%
404 89.9 Berlin
80%
401.5 73.5 Copenhagen
80%
401.5 73.5 Denmark
80%
402 103.1 Liechtenstein
80%
398.4 103.5 Switzerland
80%
242.7 216.8 Saint Vincent and the Grenadines
74%
242.7 216.8 Kingstown
71%
717.7 235.2 Federated States of Micronesia
70%
717.7 235.2 Palikir
70%
562 235.3 Sri Jayawardenepura Kotte
69%
562 235.3 Sri Lanka
69%
239.4 203.4 Saint Kitts and Nevis
68%
239.4 203.4 Basseterre
67%
502 182.5 Abu Dhabi
65%
478.8 149.9 Baghdad
65%
461.7 146.8 Beirut
65%
467 143 Damascus
65%
459 157 Israel
65%
459 157 Jerusalem
65%
462.3 158.9 Jordan
65%
487 162.9 Kuwait City
65%
461.7 146.8 Lebanon
65%
509.33 187.2 Muscat
65%
509.33 187.2 Oman
65%
482.1 179.9 Riyadh
65%
488.3 208.2 Sana'a
65%
482.1 179.9 Saudi Arabia
65%
502 182.5 United Arab Emirates
65%
488.3 208.2 Yemen
65%
638.6 246.1 Bandar Seri Begawan
64%
664.3 290.8 Dili
64%
664.3 290.8 East Timor
64%
635.5 264 Indonesia
64%
635.5 264 Jakarta
64%
610.3 247.2 Kuala Lumpur
64%
703.7 282.4 Papua New Guinea
64%
703.7 282.4 Port Moresby
64%
241.4 204 Antigua and Barbuda
63%
241.4 204 Saint John's
63%
395.5 260.6 São Tomé
63%
395.5 260.6 São Tomé and Príncipe
63%
221 197 Dominican Republic
62%
218 196 Haiti
62%
218 196 Port-au-Prince
62%
221 197 Santo Domingo
62%
742.1 295 Solomon Islands
61%
242.5 226.6 Trinidad and Tobago
61%
143 66 Canada
60%
180.4 215 El Salvador
60%
177.4 210 Guatemala
60%
177.4 210 Guatemala City
60%
742.1 295 Honiara
60%
151 182 Mexico City
60%
143 66 Ottawa
60%
242.5 226.6 Port-of-Spain
60%
180.4 215 San Salvador
60%
184.5 210.7 Tegucigalpa
60%
153 129 United States
60%
153 129 Washington D.C.
60%
760.6 232.2 Majuro
59%
760.6 232.2 Marshall Islands
59%
363 82.5 Dublin
56%
363 82.5 Ireland
56%
377 86 London
56%
377 86 United Kingdom
56%
361.7 127.6 Lisbon
53%
467 309.5 Mozambique
53%
361.7 127.6 Portugal
53%
431 365 South Africa
53%
372 127.5 Spain
53%
451.3 350.1 Swaziland
53%
459.1 282.5 Tanzania
53%
420 301.2 Angola
52%
427.6 239 Bangui
52%
435 336.1 Botswana
52%
447.8 272.6 Bujumbura
52%
377 219 Burkina Faso
52%
368 235.9 Cote d'Ivoire
52%
435 336.1 Gaborone
52%
433 267.2 Kinshasa
52%
456 307 Lilongwe
52%
420 301.2 Luanda
52%
438 310 Lusaka
52%
418 328 Namibia
52%
398 230.8 Nigeria
52%
377 219 Ouagadougou
52%
385.7 225 Porto-Novo
52%
431 365 Pretoria
52%
418 328 Windhoek
52%
368 235.9 Yamoussoukro
52%
407 247 Yaoundé
52%
486 324.3 Antananarivo
51%
447.8 272.6 Burundi
51%
353.3 224.2 Conakry
51%
459.1 282.5 Dodoma
51%
347.7 220.3 Guinea-Bissau
51%
453.1 256.6 Kampala
51%
447.8 267.7 Kigali
51%
486 324.3 Madagascar
51%
465.8 259.9 Nairobi
51%
488 230 Somalia
51%
465.8 259.9 Kenya
50%
447.8 267.7 Rwanda
50%
453.1 256.6 Uganda
50%
528 149.2 Afghanistan
47%
513 130.6 Ashgabat
47%
615 140.9 Beijing
47%
545.2 133.5 Dushanbe
47%
533 100 Kazakhstan
47%
548 122 Kyrgyzstan
47%
614.2 104.1 Mongolia
47%
577 52 Moscow
47%
545.2 133.5 Tajikistan
47%
525 122.5 Tashkent
47%
513 130.6 Turkmenistan
47%
614.2 104.1 Ulaanbaatar
47%
525 122.5 Uzbekistan
47%
460.3 130.6 Ankara
45%
480.5 125 Armenia
45%
487.6 125 Azerbaijan
45%
479 120 Georgia
45%
479 120 Tbilisi
45%
480.5 125 Yerevan
45%
425.5 124 Albania
44%
430 129 Athens
44%
430 129 Greece
44%
429.5 121.7 Skopje
44%
443.4 81.2 Belarus
43%
615 140.9 China
43%
418 108 Croatia
43%
439 64.8 Estonia
43%
424.4 103.1 Hungary
43%
427.5 118.5 Kosovo
43%
438 70.6 Latvia
43%
434.3 76.3 Lithuania
43%
413 106.5 Ljubljana
43%
665.7 127 North Korea
43%
423.6 87.1 Poland
43%
414 93.8 Prague
43%
665.7 127 Pyongyang
43%
577 52 Russia
43%
421 113 Sarajevo
43%
427.6 113 Serbia
43%
413 106.5 Slovenia
43%
669 139 South Korea
43%
439 64.8 Tallinn
43%
414.2 100.9 Vienna
43%
434.3 76.3 Vilnius
43%
583 181.8 Bangladesh
42%
535.7 164.2 Islamabad
42%
597 188.5 Naypyidaw
42%
556 185.9 New Delhi
42%
616 219.1 Phnom Penh
42%
610.3 194.9 Vientiane
42%
234 373 Argentina
41%
248.9 339.7 Asunción
41%
608 207.9 Bangkok
41%
216.3 247.5 Bogotá
41%
266 294 Brasília
41%
266 294 Brazil
41%
234 373 Buenos Aires
41%
616 219.1 Cambodia
41%
216.3 247.5 Colombia
41%
192 228 Costa Rica
41%
583 181.8 Dhaka
41%
248 242 Georgetown
41%
184.5 210.7 Honduras
41%
610.3 247.2 Malaysia
41%
188.2 218.1 Managua
41%
254.9 370.2 Montevideo
41%
597 188.5 Myanmar
41%
188.2 218.1 Nicaragua
41%
198 232.5 Panama
41%
198 232.5 Panama City
41%
254.4 248.1 Paramaribo
41%
192 228 San José
41%
254.4 248.1 Suriname
41%
608 207.9 Thailand
41%
232 235 Venezuela
41%
232 235 Caracas
40%
248 242 Guyana
40%
556 185.9 India
40%
569.8 166.5 Kathmandu
40%
569.8 166.5 Nepal
40%
241.6 220.6 Grenada
37%
241.6 220.6 Saint George's
37%
657 220.6 Manila
36%
657 220.6 Philippines
36%
408.5 120.7 Vatican City
35%
408.5 120.7 Vatican City (cap)
35%
416.4 124.2 Italy
34%
416.4 124.2 Rome
34%
408.5 113.9 San Marino
34%
408.5 113.9 San Marino (cap)
34%
354 232.9 Freetown
33%
21 272 Kiribati
33%
359.2 239.6 Monrovia
33%
354 232.9 Sierra Leone
33%
21 272 South Tarawa
33%
398 230.8 Abuja
32%
377 202.2 Bamako
32%
385.7 225 Benin
32%
353.3 224.2 Guinea
32%
359.2 239.6 Liberia
32%
403.3 203.9 Niamey
32%
403.3 203.9 Niger
32%
386 105 Paris
32%
347 212 Senegal
32%
419.3 172.9 Libya
31%
397.2 114.5 Monaco
31%
397.2 114.5 Monaco (cap)
31%
776.7 391.9 New Zealand
31%
401 148 Tunis
31%
401 148 Tunisia
31%
776.7 391.9 Wellington
31%
683 342 Australia
30%
683 342 Canberra
30%
326.7 206.9 Cape Verde
28%
510.1 329.1 Mauritius
28%
510.1 329.1 Port Louis
28%
326.7 206.9 Praia
28%
437 52 Finland
27%
437 52 Helsinki
27%
401.7 57 Norway
27%
401.7 57 Oslo
27%
414.3 60.5 Stockholm
27%
414.3 60.5 Sweden
27%
246.5 217 Barbados
26%
246.5 217 Bridgetown
26%
341 43 Iceland
26%
341 43 Reykjavík
26%
243.2 214.6 Castries
25%
680.5 241.3 Ngerulmud
25%
798.1 328.7 Nukuʻalofa
25%
680.5 241.3 Palau
25%
243.2 214.6 Saint Lucia
25%
798.1 328.7 Tonga
25%
505.5 277 Seychelles
24%
505.5 277 Victoria
24%
236 319 Bolivia
20%
218 384 Chile
20%
204 265.5 Ecuador
20%
236 319 La Paz
20%
208 292 Lima
20%
248.9 339.7 Paraguay
20%
208 292 Peru
20%
204 265.5 Quito
20%
218 384 Santiago
20%
614.2 256.7 Singapore
19%
614.2 256.7 Singapore (cap)
19%
209 180.9 Bahamas
18%
755.5 318.6 Port Vila
18%
755.5 318.6 Vanuatu
18%
180.9 203.6 Belize
17%
180.9 203.6 Belmopan
17%
804.5 282.8 Funafuti
17%
447 325 Harare
17%
206 200.2 Jamaica
17%
206 200.2 Kingston
17%
467 309.5 Maputo
17%
451.3 350.1 Mbabane
17%
151 182 Mexico
17%
209 180.9 Nassau
17%
804.5 282.8 Tuvalu
17%
447 325 Zimbabwe
17%
501.3 152.5 Tehran
16%
242.4 209.5 Dominica
15%
545.9 248.9 Maldives
15%
545.9 248.9 Malé
15%
535.7 164.2 Pakistan
15%
242.4 209.5 Roseau
15%
437.8 117.9 Sofia
15%
460.3 130.6 Turkey
15%
412.9 141.1 Malta
14%
412.9 141.1 Valletta
14%
455.3 143.7 Cyprus
13%
455.3 143.7 Nicosia
13%
479.4 301.4 Comoros
12%
782.9 320.1 Fiji
12%
444 360.5 Lesotho
12%
444 360.5 Maseru
12%
479.4 301.4 Moroni
12%
782.9 320.1 Suva
12%
802.8 307.7 Apia
11%
494.3 174 Bahrain
11%
624.3 219.9 Hanoi
11%
693.3 140 Japan
11%
610.3 194.9 Laos
11%
494.3 174 Manama
11%
802.8 307.7 Samoa
11%
693.3 140 Tokyo
11%
254.9 370.2 Uruguay
11%
624.3 219.9 Vietnam
11%
584.1 169.4 Bhutan
10%
206 190.2 Cuba
10%
206 190.2 Havana
10%
756.2 263.4 Nauru
10%
584.1 169.4 Thimphu
10%
756.2 263.4 Yaren
10%
533 100 Astana
9%
548 122 Bishkek
9%
344 216 Banjul
8%
344 216 Gambia
8%
669 139 Seoul
8%
652.9 182.1 Taipei
8%
652.9 182.1 Taiwan
8%
398.4 103.5 Bern
7%
347.7 220.3 Bissau
7%
638.6 246.1 Brunei
7%
447 171.3 Cairo
7%
347 212 Dakar
7%
447 171.3 Egypt
7%
456 307 Malawi
7%
438 310 Zambia
7%
378.2 234.5 Accra
6%
495.7 176.2 Doha
6%
406.5 264 Gabon
6%
378.2 234.5 Ghana
6%
383 232.4 Lomé
6%
404 255.8 Malabo
6%
495.7 176.2 Qatar
6%
383 232.4 Togo
6%
402 103.1 Vaduz
6%
462.3 158.9 Amman
5%
478.8 149.9 Iraq
5%
450.6 96 Kiev
5%
487 162.9 Kuwait
5%
443.4 81.2 Minsk
5%
366 153.5 Rabat
5%
467 143 Syria
5%
425.5 124 Tirana
5%
423.6 87.1 Warsaw
5%
418 108 Zagreb
5%
501.3 152.5 Iran
4%
528 149.2 Kabul
4%
487.6 125 Baku
3%
422.6 209.4 Chad
3%
438 70.6 Riga
3%
449.6 239.5 Juba
2%
377 202.2 Mali
2%
No matching quizzes found
Score Distribution
Percent of People with Each Score
Percentile by Number Answered
Your Score History
You have not taken this quiz